000 00443nam a22001697a 4500
003 OSt
008 250409b |||||||| |||| 00| 0 eng d
020 _a9788125035114
082 _a306.07 HAN
100 _aHALL, Gary and BIRCHALL, Clare
245 _aNew Cultural Studies: Adventures in Theory
250 _aReprint
260 _aTelangana, India,
_bOrient BlackSwan,
_c2016,
300 _a324 p.
650 _aEnglish
942 _2ddc
_cBK
999 _c13259
_d13259